MARC details
| 000 -LEADER |
| fixed length control field |
02863nam a2200337 a 4500 |
| 008 - FIXED-LENGTH DATA ELEMENTS--GENERAL INFORMATION |
| fixed length control field |
120416s1984 ||||||||||||||||| || u |
| 020 ## - INTERNATIONAL STANDARD BOOK NUMBER |
| International Standard Book Number |
0471885754 |
| 050 ## - LIBRARY OF CONGRESS CALL NUMBER |
| Classification number |
NA 2713 Wak |
| 100 ## - MAIN ENTRY--PERSONAL NAME |
| Personal name |
Wakita, Osamu A |
| 245 14 - TITLE STATEMENT |
| Title |
The professional handbook of architectural working drawings |
| 260 ## - PUBLICATION, DISTRIBUTION, ETC. |
| Place of publication, distribution, etc. |
New York |
| Name of publisher, distributor, etc. |
John Wiley and Sons |
| Date of publication, distribution, etc. |
1984 |
| 300 ## - PHYSICAL DESCRIPTION |
| Extent |
xii, 531p. : ill. |
| 350 ## - |
| -- |
0.00 |
| 650 ## - SUBJECT ADDED ENTRY--TOPICAL TERM |
| Topical term or geographic name entry element |
ARCHITECTURE--DESIGNS AND PLANS--WORKING DRAWINGS |
| 650 ## - SUBJECT ADDED ENTRY--TOPICAL TERM |
| Topical term or geographic name entry element |
ARCHITECTURE--UNITED STATES--HISTORY |
| 995 ## - |
| -- |
BINDERY (DAMAGED) |
| -- |
0.00 |
| -- |
722749 |
| -- |
CBU-MAIN LIBRARY (Kitwe) |
| -- |
4 |
| -- |
49.95 |
| -- |
NA 2713 Wak |
| -- |
2 |
| -- |
DAMAGED |
| -- |
009948 |
| -- |
Main Library Open Access Collection |
| 995 ## - |
| -- |
TEXTBOOKS (SBE) |
| -- |
0.00 |
| -- |
2817 |
| -- |
CBU-SCHOOL TEXTBOOK COLLECTIONS |
| -- |
1 |
| -- |
0.00 |
| -- |
SCHOOL TEXTBOOK |
| -- |
8 |
| -- |
AVAILABLE |
| -- |
Nov 5, 2008 |
| -- |
2817 |
| -- |
School Collections |
| 995 ## - |
| -- |
TEXTBOOKS (SBE) |
| -- |
0.00 |
| -- |
20296 |
| -- |
CBU-SCHOOL TEXTBOOK COLLECTIONS |
| -- |
1 |
| -- |
0.00 |
| -- |
SCHOOL TEXTBOOK |
| -- |
12 |
| -- |
AVAILABLE |
| -- |
Nov 5, 2008 |
| -- |
20296 |
| -- |
School Collections |
| 995 ## - |
| -- |
BINDERY (DAMAGED) |
| -- |
0.00 |
| -- |
722752 |
| -- |
CBU-MAIN LIBRARY (Kitwe) |
| -- |
2 |
| -- |
49.95 |
| -- |
NA 2713 Wak |
| -- |
1 |
| -- |
DAMAGED |
| -- |
009947 |
| -- |
Main Library Open Access Collection |
| 995 ## - |
| -- |
TEXTBOOKS (SBE) |
| -- |
0.00 |
| -- |
2818 |
| -- |
CBU-SCHOOL TEXTBOOK COLLECTIONS |
| -- |
1 |
| -- |
0.00 |
| -- |
SCHOOL TEXTBOOK |
| -- |
7 |
| -- |
AVAILABLE |
| -- |
Nov 5, 2008 |
| -- |
2818 |
| -- |
School Collections |
| 995 ## - |
| -- |
TEXTBOOKS (SBE) |
| -- |
0.00 |
| -- |
2812 |
| -- |
CBU-SCHOOL TEXTBOOK COLLECTIONS |
| -- |
1 |
| -- |
0.00 |
| -- |
SCHOOL TEXTBOOK |
| -- |
13 |
| -- |
AVAILABLE |
| -- |
Nov 5, 2008 |
| -- |
2812 |
| -- |
School Collections |
| 995 ## - |
| -- |
TEXTBOOKS (SBE) |
| -- |
0.00 |
| -- |
2809 |
| -- |
CBU-SCHOOL TEXTBOOK COLLECTIONS |
| -- |
1 |
| -- |
0.00 |
| -- |
SCHOOL TEXTBOOK |
| -- |
11 |
| -- |
AVAILABLE |
| -- |
Nov 5, 2008 |
| -- |
2809 |
| -- |
School Collections |
| 995 ## - |
| -- |
TEXTBOOKS (SBE) |
| -- |
0.00 |
| -- |
2811 |
| -- |
CBU-SCHOOL TEXTBOOK COLLECTIONS |
| -- |
1 |
| -- |
0.00 |
| -- |
SCHOOL TEXTBOOK |
| -- |
14 |
| -- |
AVAILABLE |
| -- |
Nov 5, 2008 |
| -- |
2811 |
| -- |
School Collections |
| 995 ## - |
| -- |
MAIN LIBRARY OPEN ACCESS |
| -- |
0.00 |
| -- |
722751 |
| -- |
CBU-MAIN LIBRARY (Kitwe) |
| -- |
1 |
| -- |
49.95 |
| -- |
NA 2713 Wak |
| -- |
4 |
| -- |
AVAILABLE |
| -- |
009950 |
| -- |
Main Library Open Access Collection |
| 995 ## - |
| -- |
TEXTBOOKS (SBE) |
| -- |
0.00 |
| -- |
2819 |
| -- |
CBU-SCHOOL TEXTBOOK COLLECTIONS |
| -- |
1 |
| -- |
0.00 |
| -- |
SCHOOL TEXTBOOK |
| -- |
9 |
| -- |
AVAILABLE |
| -- |
Nov 5, 2008 |
| -- |
2819 |
| -- |
School Collections |
| 995 ## - |
| -- |
MAIN LIBRARY OPEN ACCESS |
| -- |
0.00 |
| -- |
722748 |
| -- |
CBU-MAIN LIBRARY (Kitwe) |
| -- |
5 |
| -- |
49.95 |
| -- |
NA 2713 Wak |
| -- |
3 |
| -- |
AVAILABLE |
| -- |
009949 |
| -- |
Main Library Open Access Collection |
| 995 ## - |
| -- |
BINDERY (DAMAGED) |
| -- |
0.00 |
| -- |
722750 |
| -- |
CBU-MAIN LIBRARY (Kitwe) |
| -- |
3 |
| -- |
49.95 |
| -- |
NA 2713 Wak |
| -- |
5 |
| -- |
DAMAGED |
| -- |
009951 |
| -- |
Main Library Open Access Collection |
| 995 ## - |
| -- |
TEXTBOOKS (SBE) |
| -- |
0.00 |
| -- |
2810 |
| -- |
CBU-SCHOOL TEXTBOOK COLLECTIONS |
| -- |
1 |
| -- |
0.00 |
| -- |
SCHOOL TEXTBOOK |
| -- |
15 |
| -- |
AVAILABLE |
| -- |
Nov 5, 2008 |
| -- |
2810 |
| -- |
School Collections |
| 995 ## - |
| -- |
TEXTBOOKS (SBE) |
| -- |
0.00 |
| -- |
2814 |
| -- |
CBU-SCHOOL TEXTBOOK COLLECTIONS |
| -- |
1 |
| -- |
0.00 |
| -- |
SCHOOL TEXTBOOK |
| -- |
6 |
| -- |
AVAILABLE |
| -- |
Nov 5, 2008 |
| -- |
2814 |
| -- |
School Collections |
| 995 ## - |
| -- |
TEXTBOOKS (SBE) |
| -- |
0.00 |
| -- |
2813 |
| -- |
CBU-SCHOOL TEXTBOOK COLLECTIONS |
| -- |
1 |
| -- |
0.00 |
| -- |
SCHOOL TEXTBOOK |
| -- |
10 |
| -- |
AVAILABLE |
| -- |
Nov 5, 2008 |
| -- |
2813 |
| -- |
School Collections |
| 999 ## - |
| -- |
77248 |
| -- |
77248 |